| 000 | 00834nam a22002297a 4500 | ||
|---|---|---|---|
| 003 | UA-OsUOA | ||
| 001 | 42612 | ||
| 007 | ta | ||
| 008 | 20061113b un ||||| |||| 00| 0 ukr d | ||
| 090 |
_a323(477):34 _bТ33 |
||
| 942 | _cBK | ||
| 040 |
_aUA-OsUOA _bukr _cUA-OsUOA _dUA-OsUOA |
||
| 245 |
_aТеоретичні та практичні проблеми правового забезпечення соціально-економічного та політичного розвитку суспільства і держави _bмонографія _cза заг. ред. Опришка В. Ф., Шульженка Ф. П. |
||
| 300 | _a702 с. | ||
| 955 | _a2 | ||
| 041 | _aukr | ||
| 080 | _a323(477):34 | ||
| 020 | _a966-574-840-8 | ||
| 260 |
_aК. _bКНЕУ _c2006 |
||
| 650 | 7 |
_a32 Політика _2UDC |
|
| 999 |
_c328746 _d328746 |
||